Statistics for The Simpsons Characters (Update)

Click here to take the quiz!

General Stats

  • This quiz has been taken 2,193 times
    (1,234 since last reset)
  • The average score is 71 of 256

Answer Stats

List% Correct
Homer Simpson
99%
Bart Simpson
99%
Lisa Simpson
99%
Maggie Simpson
98%
Marge Simpson
98%
Moe Szyslak
90%
Grampa Simpson
90%
Selma Bouvier
86%
Lenny Leonard
86%
Carl Carlson
86%
Patty Bouvier
85%
Mr. Burns
84%
Principal Skinner
84%
Barney Gumble
82%
Waylon Smithers
81%
Ralph Wiggum
81%
Nelson Muntz
81%
Milhouse Van Houten
81%
Chief Wiggum
80%
Krusty the Clown
79%
Ned Flanders
76%
Santa's Little Helper
75%
Sideshow Bob
71%
Rod Flanders
70%
Todd Flanders
70%
Mrs. Krabappel
70%
Kent Brockman
70%
Apu Nahasapeemapetilon
69%
Lou
67%
Itchy
65%
Scratchy
65%
Maude Flanders
64%
Superintendent Chalmers
64%
Snowball (II)
64%
Sideshow Mel
64%
Groundskeeper Willie
64%
Martin Prince
63%
Jimbo Jones
62%
Miss Hoover
60%
Reverend Lovejoy
59%
Comic Book Guy
57%
Dr. Julius Hibbert
56%
Terri
55%
Sherri
54%
Duffman
54%
Mona Simpson
53%
Bumblebee Man
52%
Mayor Quimby
51%
Eddie
51%
Herb Powell
51%
Kirk Van Houten
50%
Dr. Nick Riviera
50%
Helen Lovejoy
50%
Fat Tony
49%
Troy McClure
48%
Kearney Zzyzwicz
48%
Otto Mann
48%
Dolph Starbeam
45%
Agnes Skinner
45%
Luann Van Houten
44%
Frank Grimes
44%
Poochie
44%
Bleeding Gums Murphy
43%
Snake Jailbird
41%
Lionel Hutz
41%
Hans Moleman
41%
Manjula Nahasapeemapetilon
41%
Cletus Spuckler
40%
Radioactive Man
40%
Rainier Wolfcastle
39%
Jasper Beardley
38%
Lunchlady Doris
38%
Jacqueline Bouvier
37%
Professor Frink
36%
Sarah Wiggum
35%
Üter Zörker
35%
Mr. Teeny
34%
Disco Stu
34%
Mindy Simmons
34%
Al Gumble
33%
Gil Gunderson
33%
Janey Powell
33%
Stampy
33%
Arnie Pye
32%
Wendell Borton
32%
Artie Ziff
30%
Kang
30%
Fallout Boy
29%
Brandine Spuckler
29%
Marvin Monroe
29%
Capital City Goofball
29%
Kodos
29%
Jessica Lovejoy
28%
Cookie Kwan
28%
Sanjay Nahasapeemapetilon
28%
Legs
26%
Luigi Risotto
26%
Plopper
26%
Lewis Clark
26%
McBain
25%
Blue Haired Lawyer
25%
Hank Scorpio
25%
Crazy Cat Lady
25%
Judge Roy Snyder
25%
Louie
24%
Database
24%
Jub-Jub
24%
Larry
24%
Blinky
24%
Bill
23%
Bernice Hibbert
23%
Dewey Largo
23%
Old Jewish Man
23%
Johnny Tightlips
23%
Charlie
22%
Herman
22%
Squeaky Voiced Teen
22%
Drederick Tatum
22%
Baby Gerald Samson
21%
Cecil Terwilliger
21%
Allison Taylor
20%
Ruth Powers
20%
Jebediah Springfield
19%
Judge Constance Harm
18%
Marty
18%
Sam
18%
Lurleen Lumpkin
18%
Mrs. Muntz
17%
Rich Texan
17%
Boobarella
17%
Happy Little Elves
16%
Captain McCallister
16%
Frankie the Squealer
16%
Laddie
15%
Colin
15%
Laura Powers
15%
Akira
15%
Lindsey Naegle
15%
Raphael
14%
Russ Cargill
14%
Jacques
14%
Roger Meyers, Jr.
14%
Gabbo
14%
Leopold
14%
Mojo
14%
Lyle Lanley
14%
Hyman Krustofski
13%
Freddie Quimby
13%
Hugo Simpson
13%
Martha Prince
13%
Yes Guy
13%
Gary
12%
Shauna Chalmers
12%
Richard
12%
Princess Kashmir
12%
Mr. Sparkle
11%
Frank Grimes, Jr.
11%
Beatrice Simmons
11%
Rex Banner
11%
God
11%
Mrs. Glick
11%
Amber Simpson
11%
President Schwarzenegger
10%
Doug
10%
Scott Christian
10%
Ginger Flanders
10%
Boob Lady
10%
Birch Barlow
10%
Chester J. Lampwick
10%
Dr. J. Loren Pryor
10%
Mr. Bergstrom
10%
Mr. Costington
10%
Lard Lad
10%
Captain Lance Murdock
10%
Patches
9%
Benjamin
9%
McGarnagle
9%
Larry Burns
9%
Principal Dondelinger
8%
Ham
8%
Julio
8%
Poor Violet
8%
Gloria
8%
Jake the Barber
8%
Declan Desmond
7%
Gunter
7%
Billy
7%
Martha Quimby
7%
Shary Bobbins
7%
Angry Dad
7%
Chase
7%
Cosine
7%
Ernst
7%
Shelbyville Manhattan
7%
Aristotle Amadopolis
7%
Cowboy Bob
6%
Ms. Albright
6%
Mrs. Vanderbilt
6%
Lugash
6%
Dave Shutton
6%
Brunella Pommelhorst
6%
Bobo
6%
Sideshow Raheem
6%
Amber Dempsey
6%
Clancy Bouvier
6%
Lucius Sweet
6%
State Comptroller Atkins
6%
Molloy
6%
Brad Goodman
6%
Martin Prince, Sr.
6%
Arthur Crandall
6%
The Devil
6%
Corporal Punishment
6%
Jay Sherman
6%
Lois Pennycandy
6%
Waylon Smithers, Sr.
6%
Report Card
6%
E-mail
6%
Tina Ballerina
5%
Mr. Vanderbilt
5%
Mr. McGreg
5%
Number One
5%
Llewellyn Sinclair
5%
Smilin' Joe Fission
5%
Don Vittorio DiMaggio
5%
Sgt. Seymour Skinner
5%
Pie Man
5%
Bashir bin Laden
5%
Handsome Pete
5%
Grady
5%
Just Stamp the Ticket Man
4%
Adil
4%
Doctor Colossus
4%
Multi-Eyed Squirrel
4%
Jack Larson
4%
Flying Hellfish
4%
Howie
4%
Black Weasel
4%
Leon Kompowsky
4%
Don Brodka
4%
Ian
4%
Mrs. Winfield
3%
Jaffee
3%
Dr. Foster
3%
Ms. Botz
3%
Joey Crusher
3%
Shotgun Pete
3%
Mr. Winfield
3%
Gladys Gurney
3%
Yellow Weasel
3%
Lowblow
3%
Melissa
3%
Veterinarian
2%
Tattoo Guy
2%
Hollis Hurlbut
2%
Jack Marley
2%

Score Distribution

Percentile by Number Answered

Percent of People with Each Score

Your Score History

You have not taken this quiz since the last reset